000 00688nam a2200217Ia 4500
003 GCL
008 140319s9999 xx 000 0 ara d
040 _aGCL /
_cGCL
082 0 4 _a414
_bو ت
100 1 _aوليد قصاب
245 1 0 _aالتراث النقدى والبلاغى للمعتزلة: حتى نهاية القرن السادس الهجرى /
_cوليد قصاب
260 _a[S.N] :
_bدار الثقافة العربية ،
_c1985
300 _a494 ص
490 _a
650 0 4 _aالنقد
650 0 4 _aاللغة العربية
650 0 4 _aالبلاغة العربية
650 0 4 _aالمعتزلة
650 0 4 _aتاريخ ونقد
942 _2ddc
_cBK
999 _c55662
_d55662